|
|
|
|
| LEADER |
01500nam a2200409 a 4500 |
| 001 |
000924778 |
| 003 |
CZ BrMZK |
| 005 |
20090916084333.0 |
| 007 |
ta |
| 008 |
081215s2008 xo a f 001 0 slo |
| 020 |
|
|
|a 978-80-8070-830-6
|q (váz.)
|
| 040 |
|
|
|a BOA001
|b cze
|
| 072 |
|
7 |
|a 339.7/.9
|x Světová ekonomika a mezinárodní finance
|2 Konspekt
|9 4
|
| 080 |
|
|
|a 517.938
|2 MRF
|
| 080 |
|
|
|a 33
|2 MRF
|
| 080 |
|
|
|a 339.9
|2 MRF
|
| 080 |
|
|
|a 330.5+338
|2 MRF
|
| 080 |
|
|
|a (048.8)
|2 MRF
|
| 100 |
1 |
|
|a Slepecký, Jaroslav,
|d 1957-
|7 mzk2006368357
|4 aut
|
| 245 |
1 |
0 |
|a Ekonomické dôsledky katastrof /
|c Jaroslav Slepecký, Jozef Ristvej
|
| 250 |
|
|
|a 1. vyd.
|
| 260 |
|
|
|a V Žiline :
|b Žilinská univerzita,
|c 2008
|
| 300 |
|
|
|a 135 s. :
|b il. (převážně barev.) ;
|c 25 cm
|
| 490 |
1 |
|
|a Vedecké monografie
|
| 500 |
|
|
|a 110 výt.
|
| 504 |
|
|
|a Obsahuje bibliografii, bibliografické odkazy a rejstřík
|
| 541 |
|
|
|a Bratislava, Centrum vedecko-technických informácií SR
|
| 650 |
0 |
7 |
|a teorie katastrof
|7 ph195834
|x ekonomické aspekty
|2 czenas
|
| 650 |
0 |
7 |
|a světová ekonomika
|7 ph116359
|2 czenas
|
| 650 |
0 |
7 |
|a národní hospodářství
|7 ph115503
|2 czenas
|
| 655 |
|
7 |
|a studie
|7 fd133597
|2 czenas
|
| 700 |
1 |
|
|a Ristvej, Jozef
|7 mzk2008486792
|4 aut
|
| 810 |
2 |
|
|a Žilinská univerzita.
|t Vedecké monografie
|0 s
|
| 910 |
2 |
|
|a BOA001
|b 3-1217.883
|
| 990 |
|
|
|a BK
|
| 991 |
|
|
|b 200902
|c NOV
|
| 996 |
7 |
|
|b 2610366267
|c 3-1217.883
|l MZK
|r Sklad / do 1 hodiny
|n 5
|p vým.
|w 000924778
|u 000010
|a 1
|e BOA001
|j MZK50
|s A
|